| 000 | 00507nam a22001817a 4500 | ||
|---|---|---|---|
| 005 | 20231009133220.0 | ||
| 008 | 230907b |||||||| |||| 00| 0 eng d | ||
| 020 | _a9781936237074 | ||
| 082 |
_a371.2011 _b CAV-D |
||
| 100 | _aCavico,Frank J. | ||
| 245 | _aDeveloping a Legal, Ethical, and Socially Responsible Mindset for Sustainable Leadership | ||
| 260 |
_aUSA _bILEAD Academy _c2016 |
||
| 300 | _a138 | ||
| 500 | _aInclude index | ||
| 650 | _aManagement | ||
| 700 | _aFrank J.Cavico | ||
| 999 |
_c33453 _d33453 |
||